| 000 | 00503nam a2200205Ia 4500 | ||
|---|---|---|---|
| 003 | OSt | ||
| 005 | 20230330105711.0 | ||
| 008 | 210423s2009 xx 000 0 und d | ||
| 020 | _a9788125036937 | ||
| 040 | _cAL | ||
| 041 | _aeng | ||
| 082 | _a820.954 RAJR | ||
| 100 |
_aRAJAN (Rajeswari Sunder). _980048 |
||
| 245 | _aG N Devy reader. | ||
| 260 |
_aAndhra Pradesh _bOrient Paperback _c2009 |
||
| 300 |
_axviii,57 _bHB |
||
| 365 | _b1509 | ||
| 906 | _aDevy ; G ; N ; reader. | ||
| 942 |
_2ddc _cBK |
||
| 999 |
_c157550 _d157550 |
||